000 00500cam a2200181ua 4500
001 2653
008 110901n ii |||gr||||Z||||||asm
040 _cMAIN
082 _a491.451
100 1 _aSharma, Mukunda Madhava,
_eAuthor.
245 1 1 _aAssamese for all or assamese self taught
_cby Mukunda Madhava Sharma
250 _a1st.
260 _aJorhat:
_bAsam sahitya sabha,963.
300 _a123p:
_c23cm.
653 _aFolklore
653 _aAssamese for all or assamese self taught
942 _cBK
999 _c2504
_d2504